000 00490cam a22001337a 4500
008 180718b1962 xxu||||| |||| 00| 0 eng d
082 _aDx47 K476
245 _aEast Central Europe and the world: developments in the post-Stalin era
_cedited by Stephen D. Kertesz
260 _aNorth Dame
_bUniversity of North Dame Press
_c1962
300 _a386p.
650 _aSoviet Union --Foreign relations --1953-1975
650 _aEurope, Eastern --History --1945-1989
700 _aKertesz, Stephen D.
999 _c369041
_d369041